Dilemas posconciliares (Record no. 34906)

MARC details
000 -LEADER
fixed length control field 01201nam a22002657a 4500
005 - DATE AND TIME OF LATEST TRANSACTION
control field 20251010122601.0
008 - FIXED-LENGTH DATA ELEMENTS--GENERAL INFORMATION
fixed length control field 121113t mx ||||| |||| 00| 0 spa d
020 ## - INTERNATIONAL STANDARD BOOK NUMBER
International Standard Book Number 9706790047
050 04 - LIBRARY OF CONGRESS CALL NUMBER
Classification number BX1430 .Z36
Item number H47 1999
050 04 - LIBRARY OF CONGRESS CALL NUMBER
Classification number BX830.1962
Item number H47 1999
100 1# - MAIN ENTRY--PERSONAL NAME
Personal name Hernández Madrid, Miguel Jesús.
245 10 - TITLE STATEMENT
Title Dilemas posconciliares
Remainder of title : iglesia, cultura católica y sociedad en la diócesis de Zamora, Michoacán
Statement of responsibility, etc / Miguel Jesús Hernández Madrid.
250 ## - EDITION STATEMENT
Edition statement 1a ed.
260 ## - PUBLICATION, DISTRIBUTION, ETC. (IMPRINT)
Place of publication, distribution, etc Zamora, México :
Name of publisher, distributor, etc El Colegio de Michoacán,
Date of publication, distribution, etc 1999.
300 ## - PHYSICAL DESCRIPTION
Extent 457 p. ;
Dimensions 23 cm.
490 0# - SERIES STATEMENT
Series statement Colección Investigaciones.
504 ## - BIBLIOGRAPHY, ETC. NOTE
Bibliography, etc Bibliografía: 403-439 e índice.
610 17 - SUBJECT ADDED ENTRY--CORPORATE NAME
Source of heading or term lemb
Corporate name or jurisdiction name as entry element Iglesia católica.
Subordinate unit Diócesis de Zamora
General subdivision Historia
Geographic subdivision México
-- Michoacán de Ocampo
611 14 - SUBJECT ADDED ENTRY--MEETING NAME
Meeting name or jurisdiction name as entry element Concilio Vaticano
Number of part/section/meeting (2º :
Date of meeting 1962-1965 :
Location of meeting Basílica de San Pedro en el Vaticano)
650 #7 - SUBJECT ADDED ENTRY--TOPICAL TERM
Source of heading or term lemb
Topical term or geographic name as entry element Cristianismo y cultura
General subdivision Historia
Geographic subdivision México
-- Zamora (Michoácan de Ocampo)
650 #7 - SUBJECT ADDED ENTRY--TOPICAL TERM
Source of heading or term lemb
Topical term or geographic name as entry element Religión y sociología
Geographic subdivision México
-- Zamora (Michoácan de Ocampo)
650 #7 - SUBJECT ADDED ENTRY--TOPICAL TERM
Source of heading or term lemb
Topical term or geographic name as entry element Autoridad
General subdivision Aspectos religiosos
-- Iglesia católica
650 #7 - SUBJECT ADDED ENTRY--TOPICAL TERM
Source of heading or term lemb
Topical term or geographic name as entry element Ideología
General subdivision Iglesia católica
942 ## - ADDED ENTRY ELEMENTS (KOHA)
Source of classification or shelving scheme Biblioteca del Cogreso de los Estados Unidos
Koha item type Libro
Holdings
Estado de pérdida Fuente de clasificación Estado del daño No para préstamo Ubicación permanente Ubicación actual Apartado o colección Fecha de adquisición Edición Dependencia de educación superior (DES) Área del conocimiento Total Checkouts Clasificación Código de Barras Date last seen Date checked out Número de copia Costo por reposición Tipo de recurso Fuente de adquisición Nota pública
  Biblioteca del Cogreso de los Estados Unidos     Biblioteca de la Facultad de Arquitectura Biblioteca de la Facultad de Arquitectura General 10/10/2025 1a ed.   Educación y Humanidades   BX830.1962 H47 1999 BFA000006315 10/10/2025   1 1.00 Libro Donación POSGRADO
  Biblioteca del Cogreso de los Estados Unidos     Biblioteca del Instituto de Investigaciones Históricas Biblioteca del Instituto de Investigaciones Históricas Fondo Michoacán 11/04/2013 1a ed. Humanidades Educación y Humanidades 1 BX1430.Z36 H47 1999 IIH000009645 18/09/2025 18/09/2025 C:1 1.00 Libro